Dr. S. R. Lasker Library Online Catalogue

Home      Library Home      Institutional Repository      E-Resources      MyAthens      EWU Home

Supply chain logistics management / (Record no. 6420)

MARC details
000 -LEADER
fixed length control field 02144cam a2200397 a 4500
001 - CONTROL NUMBER
control field 6420
003 - CONTROL NUMBER IDENTIFIER
control field BD-DhEWU
005 - DATE AND TIME OF LATEST TRANSACTION
control field 20181122185722.0
008 - FIXED-LENGTH DATA ELEMENTS--GENERAL INFORMATION
fixed length control field 090102s2010 mauab g b 001 0 eng d
020 ## - INTERNATIONAL STANDARD BOOK NUMBER
International Standard Book Number 9780073377872 (alk. paper)
International Standard Book Number 0073377872 (alk. paper)
035 ## - SYSTEM CONTROL NUMBER
System control number (OCoLC)244765183
040 ## - CATALOGING SOURCE
Original cataloging agency DLC
Transcribing agency DLC
Modifying agency BTCTA
-- DLC
-- BD-DhEWU
Language of cataloging eng
041 ## - LANGUAGE CODE
Language code of text/sound track or separate title eng
050 00 - LIBRARY OF CONGRESS CALL NUMBER
Classification number HD38.5
Item number .B697 2010
082 00 - DEWEY DECIMAL CLASSIFICATION NUMBER
Classification number 658.7
Item number BOS 2010
100 1# - MAIN ENTRY--PERSONAL NAME
Personal name Bowersox, Donald J.
9 (RLIN) 10231
245 10 - TITLE STATEMENT
Title Supply chain logistics management /
Statement of responsibility, etc Donald J. Bowersox, David J. Closs, M. Bixby Cooper.
250 ## - EDITION STATEMENT
Edition statement 3rd ed.
260 ## - PUBLICATION, DISTRIBUTION, ETC. (IMPRINT)
Place of publication, distribution, etc Boston :
Name of publisher, distributor, etc McGraw-Hill/Irwin,
Date of publication, distribution, etc c2010.
300 ## - PHYSICAL DESCRIPTION
Extent xiv, 498 p. :
Other physical details ill., maps ;
Dimensions 27 cm.
490 1# - SERIES STATEMENT
Series statement The McGraw-Hill/Irwin series operations and decision sciences
504 ## - BIBLIOGRAPHY, ETC. NOTE
Bibliography, etc Includes bibliographical references and index.
505 ## - FORMATTED CONTENTS NOTE
Title TOC
Formatted contents note 21st-century supply chain --<br/>Logistics --<br/>Customer accomodation --<br/>Procurement and manufacturing --<br/>Information technology --<br/>Integrated operations planning --<br/>Inventory --<br/>Transportation infrastructure --<br/>Transportation operations --<br/>Warehousing --<br/>Packaging and materials handling --<br/>Global supply chains --<br/>Network design --<br/>Network and operational planning --<br/>Relationship development and management --<br/>Operational and financial performance measurement --<br/>Supply chain risk.
520 ## - SUMMARY, ETC.
Summary, etc Summary:<br/>By examining traditional logistics issues within the context of the supply chain, this text captures the trends in supply chain management and supply chain strategy. It provides a foundation that describes the role of logistics within the supply chain, portraying a view of the subject.
526 ## - STUDY PROGRAM INFORMATION NOTE
Program name BA
590 ## - LOCAL NOTE (RLIN)
Local note Tahur Ahmed
650 #0 - SUBJECT ADDED ENTRY--TOPICAL TERM
Topical term or geographic name as entry element Business logistics.
9 (RLIN) 5244
700 1# - ADDED ENTRY--PERSONAL NAME
Personal name Closs, David J.
9 (RLIN) 10232
Personal name Cooper, M. Bixby.
9 (RLIN) 10233
830 #0 - SERIES ADDED ENTRY--UNIFORM TITLE
Uniform title McGraw-Hill/Irwin series operations and decision sciences.
9 (RLIN) 23435
856 42 - ELECTRONIC LOCATION AND ACCESS
Materials specified WorldCat details
Uniform Resource Identifier http://www.worldcat.org/title/supply-chain-logistics-management/oclc/244765183&referer=brief_results
942 ## - ADDED ENTRY ELEMENTS (KOHA)
Source of classification or shelving scheme Dewey Decimal Classification
Koha item type Text
Holdings
Withdrawn status Lost status Source of classification or shelving scheme Damaged status Not for loan Collection code Home library Current library Shelving location Date acquired Source of acquisition Cost, normal purchase price Total Checkouts Full call number Barcode Copy number Koha item type Total Renewals Date last seen Date checked out
    Dewey Decimal Classification   Not For Loan Non-fiction Dr. S. R. Lasker Library, EWU Dr. S. R. Lasker Library, EWU Reserve Section 22/05/2010 Karim International 2100.00   658.7 BOS 23436 C-1 Text      
    Dewey Decimal Classification     Non-fiction Dr. S. R. Lasker Library, EWU Dr. S. R. Lasker Library, EWU Circulation Section 22/05/2010 Karim International 2100.00 1 658.7 BOS 2010 23437 C-2 Text 1 28/03/2023 16/03/2023